Foundations of the theory of algebraic numbers /

Guardado en:
Autor Principal: Hancock, Harris, 1867-1944.
Formato: Libro
Idioma:English
Publicado: New York : Dover, 1964, c1931-1932.
Materias:
Etiquetas: Agregar Etiqueta
Sin Etiquetas, Sea el primero en etiquetar este registro!
LEADER 00866cam a22002295a 4500
001 MAT.inmabb005192
008 730501t19641931nyu######b####001#0#eng##
005 20130228133928.0
245 1 0 |a Foundations of the theory of algebraic numbers /  |c by Harris Hancock. 
260 |a New York :  |b Dover,  |c 1964, c1931-1932. 
300 |a 2 v. ;  |c 22 cm. 
500 |a Reimpresión. Publicado originalmente: New York : Macmillan, 1931-1932. 
504 |a Incluye referencias bibliográficas al pie. 
505 0 |a v. 1. Introduction to the general theory -- v. 2. The general theory. 
510 4 |a MR,  |c 30 #3081a 
100 1 |a Hancock, Harris,  |d 1867-1944. 
084 |a 11  |2 msc2000 
650 0 |a Number theory. 
010 |a  64056869  
040 |a DLC  |c OClU  |d OCoLC  |d DLC 
859 |h 11  |i H234  |p A-2338  |v 1  |3 Vol. I  |b BIB. MATEMATICA 
859 |h 11  |i H234  |p A-2339  |v 2  |3 Vol. II  |b BIB. MATEMATICA